000 00755nam a22002297a 4500
005 20110816122752.0
008 110816t xxu||||| |||| 00| 0 eng d
010 _aENG-103488
020 _a9788183683838
_c300.00
035 _aEN-87021
037 _bDBAD/PUB
040 _aDPL
_bEng
082 _aN
100 _aAadhavan
_932849
245 _aPaper flowers /
_cby Aadhavan ; translated from Tamil by Gomathi Narayanan
260 _aChennai
_bNew Horizon Media
_c2007
270 _a33/15,Eldams Road,
_bChennai
_e600018
300 _a405p
_c22cm (pbk)
700 _aNarayanan,Gomathi
_932850
942 _2ddc
_cEN
_hN
_mAAD
999 _c55421
_d55421